KOHA-Header-6

Democracy and Authoritarianism In South Asia (Record no. 13424)

000 -LEADER
fixed length control field 00336nam a22001217a 4500
020 ## - INTERNATIONAL STANDARD BOOK NUMBER
ISBN 9789699988875
082 ## - DEWEY DECIMAL CLASSIFICATION NUMBER
Classification number 320.95
100 ## - MAIN ENTRY--AUTHOR NAME
Personal name Ayesha Jalal
245 ## - TITLE STATEMENT
Title Democracy and Authoritarianism In South Asia
Remainder of title A comparative Historical Perspective
260 ## - PUBLICATION, DISTRIBUTION, ETC. (IMPRINT)
Place of publication Lahore
Name of publisher Peace Publications
Year of publication 2018
300 ## - PHYSICAL DESCRIPTION
Number of Pages xiii, 295 pages
942 ## - ADDED ENTRY ELEMENTS (KOHA)
Koha item type Books
Holdings
Withdrawn status Lost status Collection code Permanent Location Current Location Shelving location Date acquired Full call number Accession Number Koha item type
    English Literature MAJU MAJU Shelf No.A15 2022-11-22 320.95 10479 Books

Powered by Koha